| 000 | 00609nam a2200241 a 4500 | ||
|---|---|---|---|
| 001 | nice12345678 | ||
| 003 | IN_TiNIC | ||
| 005 | 20260116013340.0 | ||
| 008 | 050524s1961 haga grp 000 0 eng | ||
| 020 |
_a _c100 |
||
| 082 | 0 | 0 |
_a301.0954 _bSHI |
| 100 | _aShils, Edwards | ||
| 245 |
_aIntellectual Between Tradition Modernity _b the Indian Situation |
||
| 260 |
_aHague _bMouton Publisher _c1961 |
||
| 300 | _a120p | ||
| 500 | _aincludes index and biblioraphy | ||
| 505 | 2 | _aIndex | |
| 650 | _aSociology-India | ||
| 700 | 1 | _aShils, Edwards | |
| 902 | _bSRS | ||
| 942 | _cBK | ||
| 999 |
_c10654 _d10654 |
||